[Event "Reykjavík Open 2013"]
[Site "?"]
[Date "2013.02.24"]
[Round "7.1"]
[White "Huang, Qian"]
[Black "L'ami, Erwin"]
[Result "0-1"]
[LiveChessVersion "1.4"]
[BlackElo "2622"]
[WhiteElo "2478"]

1. Nf3 Nf6 2. c4 e6 3. d4 d5 4. Nc3 Be7 5. Bg5 h6 6. Bxf6 Bxf6 7. Qb3 c6 8. e3
Nd7 9. Be2 O-O 10. O-O Nb6 11. Rfd1 a5 12. c5 Nd7 13. e4 b6 14. cxb6 Nxb6 15.
Rac1 Ba6 16. Bxa6 Rxa6 17. Qc2 a4 18. Ne2 dxe4 19. Qxe4 Nd5 20. Nc3 Qa8 21. Qe2
Nxc3 22. Rxc3 Rd8 23. Qc2 g6 24. h3 Kg7 25. Rc4 Rd5 26. Re1 Rb5 27. Re2 Qb7 28.
Ne1 Qb6 29. Qc3 c5 30. Rxc5 Rxc5 31. dxc5 Bxc3 32. cxb6 Bf6 33. b7 Rb6 34. Nd3
Rxb7 35. Rc2 Rd7 36. Nc5 Rd1+ 37. Kh2 Rd4 38. g3 Be7 39. Kg2 g5 40. Kf3 Bxc5 41.
Rxc5 Rb4 42. Ra5 f5 43. Kg2 h5 44. a3 Re4 45. Rb5 Kf6 46. b4 axb3 47. Rxb3 Ra4
48. Kf1 h4 49. gxh4 Rxh4 50. Kg2 Ra4 51. Kg3 Kg6 52. Kg2 Ra6 53. Kg3 Kh5 54. Kg2
Kg6 55. Kg3 Ra4 56. Kg2 Ra5 57. Rb6 Kf6 58. Rb3 f4 59. Rb4 Rxa3 60. h4 e5 61.
hxg5+ Kxg5 62. Rb8 Kf5 63. Rf8+ Ke4 64. Rb8 Kd3 65. Kf3 Kd2+ 66. Kg4 Kd3 67. Kf3
Ra4 68. Rd8+ Rd4 69. Ra8 Rd6 70. Ra4 Rc6 71. Ra8 Kd2 72. Ra2+ Kd3 73. Ra8 Rd6 74.
Ra1 Kd4 75. Ra8 Kd5 76. Re8 Rd7 77. Rh8 Ra7 78. Rd8+ Ke6 79. Re8+ Kf6 80. Rf8+
Rf7 81. Rh8 Rb7 82. Rf8+ Ke6 83. Re8+ Re7 84. Rd8 Rd7 85. Re8+ Kd5 86. Ra8 Rd6
87. Re8 Ra6 88. Rd8+ Ke6 89. Re8+ Kf5 90. Rf8+ Rf6 91. Re8 Rf7 92. Ra8 e4+ 93.
Ke2 Re7 94. Ra5+ Re5 95. Ra8 Rb5 96. Rf8+ Ke5 97. Kf1 f3 98. Kg1 Kd4 99. Rd8+ Kc4
100. Ra8 Rb1+ 101. Kh2 e3 102. Rc8+ Kd5 103. Rd8+ Ke5 0-1

[Event "Reykjavík Open 2013"]
[Site "?"]
[Date "2013.02.24"]
[Round "7.2"]
[White "Baklan, Vladimir"]
[Black "Wei, Yi"]
[Result "0-1"]
[LiveChessVersion "1.4"]
[BlackElo "2501"]
[WhiteElo "2609"]

1. e4 {[%clk 1:30:55]} c5 {[%clk 1:30:49]} 2. Nf3 {[%clk 1:31:20]} d6
{[%clk 1:31:11]} 3. d4 {[%clk 1:31:44]} cxd4 {[%clk 1:31:30]} 4. Nxd4
{[%clk 1:32:10]} Nf6 {[%clk 1:31:52]} 5. Nc3 {[%clk 1:32:34]} g6 {[%clk 1:30:27]}
6. Be2 {[%clk 1:31:33]} Bg7 {[%clk 1:30:47]} 7. O-O {[%clk 1:30:52]} O-O
{[%clk 1:31:07]} 8. Re1 {[%clk 1:29:07]} Nc6 {[%clk 1:31:11]} 9. Nb3
{[%clk 1:29:31]} Be6 {[%clk 1:29:59]} 10. Bg5 {[%clk 1:29:01]} Rc8
{[%clk 1:28:16]} 11. h3 {[%clk 1:18:19]} a6 {[%clk 1:20:09]} 12. Bf1
{[%clk 1:14:21]} Nd7 {[%clk 1:19:21]} 13. Rb1 {[%clk 1:12:01]} b5
{[%clk 0:47:20]} 14. Nd5 {[%clk 1:09:51]} Nb6 {[%clk 0:47:32]} 15. c3
{[%clk 1:08:08]} f5 {[%clk 0:44:11]} 16. Nxb6 {[%clk 0:41:31]} Qxb6
{[%clk 0:44:37]} 17. exf5 {[%clk 0:41:53]} Bxf5 {[%clk 0:37:57]} 18. Rc1
{[%clk 0:38:45]} Rf7 {[%clk 0:37:32]} 19. Be3 {[%clk 0:37:20]} Qb7
{[%clk 0:36:38]} 20. Qd5 {[%clk 0:36:39]} Na5 {[%clk 0:35:19]} 21. Qxb7
{[%clk 0:30:29]} Nxb7 {[%clk 0:35:46]} 22. Rcd1 {[%clk 0:30:14]} Bc2
{[%clk 0:33:58]} 23. Rd5 {[%clk 0:28:22]} Be4 {[%clk 0:32:30]} 24. Rd2
{[%clk 0:28:44]} e5 {[%clk 0:32:00]} 25. g3 {[%clk 0:22:56]} h5 {[%clk 0:19:21]}
26. Ra1 {[%clk 0:18:32]} Bc6 {[%clk 0:12:33]} 27. Bg2 {[%clk 0:18:54]} Rd7
{[%clk 0:11:23]} 28. h4 {[%clk 0:12:23]} Bxg2 {[%clk 0:10:57]} 29. Kxg2
{[%clk 0:12:50]} Kf7 {[%clk 0:10:43]} 30. a4 {[%clk 0:12:50]} bxa4
{[%clk 0:06:01]} 31. Rxa4 {[%clk 0:12:57]} Rc6 {[%clk 0:06:29]} 32. c4
{[%clk 0:08:20]} Ke6 {[%clk 0:05:50]} 33. Rd1 {[%clk 0:07:54]} d5
{[%clk 0:00:49]} 34. cxd5+ {[%clk 0:05:04]} Rxd5 {[%clk 0:01:18]} 35. Rda1
{[%clk 0:05:05]} Nd6 {[%clk 0:01:02]} 36. Rxa6 {[%clk 0:04:43]} Rc2
{[%clk 0:01:21]} 37. Na5 {[%clk 0:01:47]} Rxb2 {[%clk 0:01:10]} 38. Nc4
{[%clk 0:01:17]} Rc2 {[%clk 0:01:33]} 39. R1a4 {[%clk 0:00:47]} Bf8
{[%clk 0:01:04]} 40. Rc6 {[%clk 0:31:02]} Be7 {[%clk 0:30:40]} 41. Nxe5
{[%clk 0:18:57]} Rxc6 {[%clk 0:30:57]} 42. Nxc6 {[%clk 0:19:23]} Bf6
{[%clk 0:29:37]} 43. Ra6 {[%clk 0:19:31]} Kf7 {[%clk 0:29:14]} 44. Ra7+
{[%clk 0:18:41]} Ke6 {[%clk 0:28:56]} 45. Nb4 {[%clk 0:16:20]} Rd1
{[%clk 0:28:26]} 46. Nc2 {[%clk 0:16:19]} Nf5 {[%clk 0:24:23]} 47. Bf4
{[%clk 0:16:34]} Rb1 {[%clk 0:24:10]} 48. Ra2 {[%clk 0:15:43]} Be7
{[%clk 0:21:34]} 49. Bd2 {[%clk 0:15:36]} Bf6 {[%clk 0:18:23]} 50. Ne1
{[%clk 0:15:48]} Ra1 {[%clk 0:17:46]} 51. Rc2 {[%clk 0:15:17]} Ra3
{[%clk 0:15:44]} 52. Rc6+ {[%clk 0:13:42]} Kf7 {[%clk 0:16:12]} 53. Nf3
{[%clk 0:12:51]} Ra2 {[%clk 0:14:26]} 54. Rc7+ {[%clk 0:12:13]} Ke6
{[%clk 0:14:38]} 55. Rb7 {[%clk 0:10:11]} Nd6 {[%clk 0:10:43]} 56. Rb3
{[%clk 0:08:19]} Ne4 {[%clk 0:10:04]} 57. Be3 {[%clk 0:08:26]} Kf7
{[%clk 0:07:55]} 58. Rb4 {[%clk 0:07:46]} Nd6 {[%clk 0:08:08]} 59. Bg5
{[%clk 0:05:00]} Bc3 {[%clk 0:08:01]} 60. Rb6 {[%clk 0:05:13]} Ne4
{[%clk 0:06:36]} 61. Rb7+ {[%clk 0:05:00]} Ke6 {[%clk 0:06:13]} 62. Re7+
{[%clk 0:04:58]} Kd5 {[%clk 0:05:24]} 63. Be3 {[%clk 0:05:20]} Nd6
{[%clk 0:05:20]} 64. Rc7 {[%clk 0:03:42]} Bf6 {[%clk 0:05:25]} 65. Ne1
{[%clk 0:01:36]} Nf5 {[%clk 0:05:24]} 66. Kf3 {[%clk 0:01:55]} Kd6
{[%clk 0:04:05]} 67. Rb7 {[%clk 0:01:47]} Ra3 {[%clk 0:04:02]} 68. Rb6+
{[%clk 0:01:31]} Ke7 {[%clk 0:04:28]} 69. Ng2 {[%clk 0:01:50]} Nd4+
{[%clk 0:04:25]} 70. Ke4 {[%clk 0:02:12]} Ne6 {[%clk 0:04:08]} 71. Rb7+
{[%clk 0:02:07]} Kd6 {[%clk 0:04:12]} 72. Rf7 {[%clk 0:01:55]} Be5
{[%clk 0:03:39]} 73. Rb7 {[%clk 0:01:50]} Bf6 {[%clk 0:03:46]} 74. Rh7
{[%clk 0:01:18]} Nf8 {[%clk 0:03:01]} 75. Rf7 {[%clk 0:01:40]} Nd7
{[%clk 0:03:25]} 76. Bg5 {[%clk 0:01:03]} Nc5+ {[%clk 0:03:42]} 77. Kd4 Ke5+ 0-1

[Event "Reykjavík Open 2013"]
[Site "?"]
[Date "2013.02.24"]
[Round "7.3"]
[White "Tan, Zhongyi"]
[Black "Solak, Dragan"]
[Result "1/2-1/2"]
[LiveChessVersion "1.4"]
[BlackElo "2603"]
[WhiteElo "2466"]

1. d4 {[%clk 1:30:57]} Nf6 {[%clk 1:26:52]} 2. c4 {[%clk 1:31:12]} g6
{[%clk 1:27:15]} 3. Nf3 {[%clk 1:29:31]} Bg7 {[%clk 1:27:39]} 4. g3
{[%clk 1:29:57]} O-O {[%clk 1:28:03]} 5. Bg2 {[%clk 1:30:24]} d6 {[%clk 1:28:29]}
6. O-O {[%clk 1:30:47]} Nbd7 {[%clk 1:28:56]} 7. Nc3 {[%clk 1:31:05]} e5
{[%clk 1:29:21]} 8. h3 {[%clk 1:31:32]} Re8 {[%clk 1:28:13]} 9. e4
{[%clk 1:31:30]} exd4 {[%clk 1:28:17]} 10. Nxd4 {[%clk 1:31:54]} Nc5
{[%clk 1:27:32]} 11. Re1 {[%clk 1:31:53]} a5 {[%clk 1:27:53]} 12. Ndb5
{[%clk 1:21:32]} Bd7 {[%clk 1:27:38]} 13. Qc2 {[%clk 1:13:45]} Be6
{[%clk 1:25:18]} 14. Be3 {[%clk 1:04:48]} Bxc4 {[%clk 1:16:33]} 15. Bxc5
{[%clk 1:04:48]} dxc5 {[%clk 1:16:52]} 16. Rad1 {[%clk 1:02:23]} Qc8
{[%clk 1:07:04]} 17. e5 {[%clk 0:58:02]} Nh5 {[%clk 0:59:26]} 18. b3
{[%clk 0:56:25]} Bxb5 {[%clk 0:37:16]} 19. Nxb5 {[%clk 0:56:50]} Bf8
{[%clk 0:36:28]} 20. Qd2 {[%clk 0:41:17]} Ng7 {[%clk 0:31:30]} 21. Qd7
{[%clk 0:37:30]} c6 {[%clk 0:28:25]} 22. Na3 {[%clk 0:35:29]} a4 {[%clk 0:20:39]}
23. Nc4 {[%clk 0:35:16]} axb3 {[%clk 0:20:34]} 24. axb3 {[%clk 0:35:42]} Re7
{[%clk 0:10:48]} 25. Qd3 {[%clk 0:28:12]} Qc7 {[%clk 0:11:12]} 26. h4
{[%clk 0:28:01]} Nf5 {[%clk 0:09:02]} 27. h5 {[%clk 0:27:24]} b5 {[%clk 0:05:39]}
28. hxg6 {[%clk 0:26:28]} hxg6 {[%clk 0:06:04]} 29. Nd6 {[%clk 0:26:12]} Nxd6
{[%clk 0:04:43]} 30. Qxd6 {[%clk 0:25:54]} Qxd6 {[%clk 0:05:25]} 31. Rxd6
{[%clk 0:23:16]} Rxe5 {[%clk 0:03:01]} 32. Rxg6+ {[%clk 0:23:42]} fxg6
{[%clk 0:02:47]} 33. Rxe5 {[%clk 0:24:09]} Ra1+ {[%clk 0:02:14]} 34. Kh2
{[%clk 0:24:24]} Ra2 {[%clk 0:00:57]} 35. Bxc6 {[%clk 0:24:39]} Rxf2+
{[%clk 0:01:02]} 36. Kg1 {[%clk 0:25:05]} Rf5 {[%clk 0:00:44]} 37. Rxf5
{[%clk 0:25:30]} gxf5 {[%clk 0:01:10]} 38. Bxb5 {[%clk 0:25:56]} 1/2-1/2

[Event "Reykjavík Open 2013"]
[Site "?"]
[Date "2013.02.24"]
[Round "7.4"]
[White "Dziuba, Marcin"]
[Black "Arngrimsson, Dagur"]
[Result "1-0"]
[LiveChessVersion "1.4"]
[BlackElo "2375"]
[WhiteElo "2602"]

1. d4 {[%clk 1:30:57]} d5 {[%clk 1:30:42]} 2. c4 {[%clk 1:31:24]} c6
{[%clk 1:31:07]} 3. Nf3 {[%clk 1:31:40]} Nf6 {[%clk 1:31:24]} 4. Nc3
{[%clk 1:32:05]} dxc4 {[%clk 1:31:17]} 5. a4 {[%clk 1:32:31]} Bf5
{[%clk 1:31:41]} 6. Nh4 {[%clk 1:32:54]} Bg6 {[%clk 1:29:20]} 7. Nxg6
{[%clk 1:32:23]} hxg6 {[%clk 1:28:29]} 8. e4 {[%clk 1:32:36]} e6 {[%clk 1:19:52]}
9. Bxc4 {[%clk 1:32:58]} Bb4 {[%clk 1:18:26]} 10. Qd3 {[%clk 1:24:00]} Nbd7
{[%clk 1:13:37]} 11. O-O {[%clk 1:23:03]} Qc7 {[%clk 1:06:30]} 12. e5
{[%clk 1:17:24]} Nd5 {[%clk 1:04:25]} 13. Bg5 {[%clk 1:04:10]} Rh5
{[%clk 0:54:51]} 14. Bd2 {[%clk 1:01:10]} Be7 {[%clk 0:50:08]} 15. a5
{[%clk 0:56:15]} Rd8 {[%clk 0:48:31]} 16. Nxd5 {[%clk 0:51:39]} exd5
{[%clk 0:45:40]} 17. Bb3 {[%clk 0:51:52]} c5 {[%clk 0:41:09]} 18. Bd1
{[%clk 0:44:07]} Rh4 {[%clk 0:39:04]} 19. f4 {[%clk 0:42:50]} c4 {[%clk 0:28:18]}
20. Qf3 {[%clk 0:41:12]} Nb8 {[%clk 0:28:00]} 21. g3 {[%clk 0:41:11]} Rh7
{[%clk 0:24:04]} 22. Bc2 {[%clk 0:38:35]} Nc6 {[%clk 0:24:11]} 23. Bc3
{[%clk 0:38:57]} b5 {[%clk 0:23:13]} 24. axb6 {[%clk 0:39:01]} Qxb6
{[%clk 0:22:16]} 25. Ba4 {[%clk 0:38:07]} a6 {[%clk 0:18:24]} 26. f5
{[%clk 0:36:29]} f6 {[%clk 0:12:41]} 27. fxg6 {[%clk 0:33:35]} 1-0

[Event "Reykjavík Open 2013"]
[Site "?"]
[Date "2013.02.24"]
[Round "7.5"]
[White "Wang, Jue"]
[Black "Ipatov, Alexander"]
[Result "0-1"]
[LiveChessVersion "1.4"]
[BlackElo "2569"]
[WhiteElo "2375"]

1. e4 {[%clk 1:30:57]} d6 {[%clk 1:30:45]} 2. d4 {[%clk 1:31:19]} Nf6
{[%clk 1:31:12]} 3. Nc3 {[%clk 1:31:43]} e5 {[%clk 1:31:41]} 4. Nf3
{[%clk 1:32:03]} Nbd7 {[%clk 1:32:06]} 5. Bc4 {[%clk 1:32:20]} Be7
{[%clk 1:32:25]} 6. O-O {[%clk 1:32:38]} O-O {[%clk 1:32:50]} 7. Re1
{[%clk 1:32:49]} a6 {[%clk 1:33:14]} 8. a4 {[%clk 1:30:36]} b6 {[%clk 1:33:36]}
9. h3 {[%clk 1:25:35]} Bb7 {[%clk 1:33:18]} 10. d5 {[%clk 1:24:03]} Nh5
{[%clk 1:31:38]} 11. Bf1 {[%clk 1:21:50]} g6 {[%clk 1:31:21]} 12. Bh6
{[%clk 1:21:45]} Ng7 {[%clk 1:31:41]} 13. Qd2 {[%clk 1:20:24]} Nf6
{[%clk 1:30:29]} 14. Nh2 {[%clk 1:02:27]} Kh8 {[%clk 1:27:18]} 15. f4
{[%clk 1:02:12]} Ng8 {[%clk 1:22:02]} 16. Bxg7+ {[%clk 1:00:58]} Kxg7
{[%clk 1:22:28]} 17. f5 {[%clk 1:01:18]} Bh4 {[%clk 1:20:33]} 18. Red1
{[%clk 0:58:54]} Nf6 {[%clk 1:16:21]} 19. Nf3 {[%clk 0:57:02]} Nh5
{[%clk 1:15:45]} 20. Ne2 {[%clk 0:48:13]} h6 {[%clk 1:10:24]} 21. Nxh4
{[%clk 0:43:01]} Qxh4 {[%clk 1:09:30]} 22. Qe3 {[%clk 0:43:26]} Nf6
{[%clk 1:04:44]} 23. Ng3 {[%clk 0:42:55]} Qf4 {[%clk 1:02:30]} 24. Qe1
{[%clk 0:43:19]} h5 {[%clk 1:02:06]} 25. Ra3 {[%clk 0:43:10]} h4 {[%clk 1:01:22]}
26. Rf3 {[%clk 0:43:36]} Qg5 {[%clk 0:53:09]} 27. Nh1 {[%clk 0:43:58]} Bc8
{[%clk 0:53:33]} 28. g4 {[%clk 0:43:12]} Bd7 {[%clk 0:48:20]} 29. Nf2
{[%clk 0:27:14]} Bxa4 {[%clk 0:44:55]} 30. Ra1 {[%clk 0:27:19]} Bb5
{[%clk 0:39:53]} 31. c4 {[%clk 0:27:09]} Bd7 {[%clk 0:40:18]} 32. Bg2
{[%clk 0:25:17]} a5 {[%clk 0:31:46]} 33. Re3 {[%clk 0:25:22]} a4 {[%clk 0:31:33]}
34. Qe2 {[%clk 0:22:20]} b5 {[%clk 0:29:51]} 35. c5 {[%clk 0:21:35]} b4
{[%clk 0:25:56]} 36. c6 {[%clk 0:17:40]} Bc8 {[%clk 0:26:23]} 37. Qe1
{[%clk 0:18:06]} Ra5 {[%clk 0:16:44]} 38. Rf3 {[%clk 0:14:22]} gxf5
{[%clk 0:14:18]} 39. gxf5 {[%clk 0:08:59]} Rg8 {[%clk 0:14:47]} 40. Kh1
{[%clk 0:30:34]} Kf8 {[%clk 0:42:08]} 41. Ng4 {[%clk 0:27:59]} Nxg4
{[%clk 0:42:29]} 42. hxg4 {[%clk 0:28:25]} Qxg4 {[%clk 0:42:40]} 43. Qf2
{[%clk 0:27:34]} Qxe4 {[%clk 0:30:53]} 44. Rh3 {[%clk 0:23:23]} Rxg2
{[%clk 0:28:44]} 45. Qxg2 {[%clk 0:23:48]} Bxf5 {[%clk 0:29:13]} 46. Rb3
{[%clk 0:04:04]} Rxd5 {[%clk 0:28:31]} 47. Rf3 {[%clk 0:00:39]} h3
{[%clk 0:28:09]} 48. Qg3 {[%clk 0:00:50]} Bg4 {[%clk 0:27:36]} 49. Raf1
{[%clk 0:00:55]} Bxf3+ {[%clk 0:27:28]} 50. Rxf3 {[%clk 0:01:13]} Rd3
{[%clk 0:27:33]} 0-1

[Event "Reykjavík Open 2013"]
[Site "?"]
[Date "2013.02.24"]
[Round "7.6"]
[White "Hambleton, Aman"]
[Black "Norowitz, Yaacov"]
[Result "1/2-1/2"]
[LiveChessVersion "1.4"]
[BlackElo "2432"]
[WhiteElo "2472"]

1. d4 {[%clk 1:30:54]} d5 {[%clk 1:30:57]} 2. c4 {[%clk 1:31:09]} e6
{[%clk 1:31:18]} 3. Nc3 {[%clk 1:31:22]} Be7 {[%clk 1:31:42]} 4. cxd5
{[%clk 1:31:31]} exd5 {[%clk 1:32:04]} 5. Bf4 {[%clk 1:31:51]} c6
{[%clk 1:32:14]} 6. e3 {[%clk 1:32:04]} Bf5 {[%clk 1:18:23]} 7. Nge2
{[%clk 1:31:12]} Bg6 {[%clk 1:14:59]} 8. Ng3 {[%clk 1:27:50]} Nf6
{[%clk 1:11:31]} 9. h4 {[%clk 1:21:23]} Qb6 {[%clk 1:06:01]} 10. Qd2
{[%clk 1:17:37]} h5 {[%clk 0:58:24]} 11. Be2 {[%clk 1:13:11]} Nbd7
{[%clk 0:56:19]} 12. Rc1 {[%clk 1:00:21]} Nf8 {[%clk 0:52:51]} 13. a3
{[%clk 0:50:38]} Qd8 {[%clk 0:40:14]} 14. Qd1 {[%clk 0:43:09]} Bd6
{[%clk 0:37:21]} 15. Be5 {[%clk 0:41:41]} Bxe5 {[%clk 0:33:37]} 16. dxe5
{[%clk 0:42:01]} N6d7 {[%clk 0:28:35]} 17. f4 {[%clk 0:31:20]} Qb6
{[%clk 0:27:15]} 18. Qd2 {[%clk 0:30:55]} Nc5 {[%clk 0:25:49]} 19. Rd1
{[%clk 0:31:09]} Qc7 {[%clk 0:19:29]} 20. b4 {[%clk 0:25:10]} Nce6
{[%clk 0:18:01]} 21. Kf2 {[%clk 0:23:56]} Nd7 {[%clk 0:17:13]} 22. f5
{[%clk 0:20:51]} Nxe5 {[%clk 0:16:27]} 23. fxg6 {[%clk 0:19:35]} fxg6
{[%clk 0:15:47]} 24. Bf3 {[%clk 0:13:52]} Rf8 {[%clk 0:12:43]} 25. Nge2
{[%clk 0:12:23]} O-O-O {[%clk 0:11:20]} 26. Nd4 {[%clk 0:09:47]} Rde8
{[%clk 0:11:36]} 27. Rde1 {[%clk 0:07:00]} g5 {[%clk 0:07:58]} 28. Nxe6
{[%clk 0:06:31]} Rxe6 {[%clk 0:08:17]} 29. hxg5 {[%clk 0:06:52]} Ng4+
{[%clk 0:08:30]} 30. Kf1 {[%clk 0:03:33]} Qg3 {[%clk 0:07:15]} 31. Re2
{[%clk 0:03:15]} Rxf3+ {[%clk 0:05:57]} 32. gxf3 {[%clk 0:03:00]} Qxf3+
{[%clk 0:06:16]} 33. Kg1 {[%clk 0:03:20]} Nxe3 {[%clk 0:05:45]} 34. Qe1
{[%clk 0:02:21]} d4 {[%clk 0:03:49]} 35. Qf2 {[%clk 0:00:55]} Qg4+
{[%clk 0:04:13]} 36. Kh2 {[%clk 0:01:24]} Qxg5 {[%clk 0:04:30]} 37. Rg1
{[%clk 0:01:05]} Qe5+ {[%clk 0:01:54]} 38. Kh3 {[%clk 0:01:29]} Rf6
{[%clk 0:02:17]} 39. Qg3 {[%clk 0:00:53]} Qf5+ {[%clk 0:01:53]} 40. Kh2
{[%clk 0:30:32]} Rg6 {[%clk 0:30:50]} 41. Qxg6 {[%clk 0:21:49]} Nf1+
{[%clk 0:31:07]} 42. Rxf1 {[%clk 0:22:11]} Qxg6 {[%clk 0:31:27]} 43. Ne4
{[%clk 0:22:05]} Qe6 {[%clk 0:25:05]} 44. Rf3 {[%clk 0:15:14]} h4
{[%clk 0:22:17]} 45. Kg1 {[%clk 0:13:56]} g5 {[%clk 0:14:39]} 46. Rf7
{[%clk 0:13:14]} Kd8 {[%clk 0:13:39]} 47. Rxb7 {[%clk 0:09:53]} Qg4+
{[%clk 0:10:28]} 48. Kf1 {[%clk 0:08:36]} h3 {[%clk 0:09:41]} 49. Nc5
{[%clk 0:07:06]} Qf5+ {[%clk 0:07:48]} 50. Kg1 {[%clk 0:04:33]} Qg4+
{[%clk 0:07:22]} 51. Kf1 {[%clk 0:05:02]} Qf5+ {[%clk 0:06:25]} 52. Kg1
{[%clk 0:01:59]} Qg4+ {[%clk 0:04:43]} 53. Kf1 Ke8 1/2-1/2

[Event "Reykjavík Open 2013"]
[Site "?"]
[Date "2013.02.24"]
[Round "7.7"]
[White "Oleksienko, Mikhailo"]
[Black "Li, Wenliang"]
[Result "1/2-1/2"]
[LiveChessVersion "1.4"]
[BlackElo "2411"]
[WhiteElo "2568"]

1. e4 {[%clk 1:30:58]} e5 {[%clk 1:30:51]} 2. Nf3 {[%clk 1:31:24]} Nc6
{[%clk 1:31:17]} 3. Bb5 {[%clk 1:31:52]} Bc5 {[%clk 1:31:19]} 4. c3
{[%clk 1:31:22]} Nf6 {[%clk 1:31:32]} 5. O-O {[%clk 1:31:40]} O-O
{[%clk 1:31:40]} 6. d4 {[%clk 1:32:08]} Bb6 {[%clk 1:31:55]} 7. dxe5
{[%clk 1:32:09]} Nxe4 {[%clk 1:31:00]} 8. Qd5 {[%clk 1:32:37]} Nc5
{[%clk 1:30:33]} 9. Bf4 {[%clk 1:32:49]} a6 {[%clk 1:23:01]} 10. Bc4
{[%clk 1:31:02]} d6 {[%clk 1:11:17]} 11. Na3 {[%clk 1:08:20]} Be6
{[%clk 1:09:25]} 12. Qd1 {[%clk 1:08:33]} dxe5 {[%clk 1:00:31]} 13. Nxe5
{[%clk 1:07:29]} Nxe5 {[%clk 0:56:27]} 14. Bxe5 {[%clk 1:07:41]} Qg5
{[%clk 0:54:10]} 15. Bd4 {[%clk 1:01:38]} Rad8 {[%clk 0:50:19]} 16. Qe2
{[%clk 0:48:32]} Bd7 {[%clk 0:44:54]} 17. Rad1 {[%clk 0:40:47]} Bc6
{[%clk 0:42:17]} 18. f3 {[%clk 0:39:49]} Na4 {[%clk 0:37:06]} 19. Bxb6
{[%clk 0:36:52]} 1/2-1/2

[Event "Reykjavík Open 2013"]
[Site "?"]
[Date "2013.02.24"]
[Round "7.8"]
[White "Diermair, Andreas"]
[Black "Esen, Baris"]
[Result "1/2-1/2"]
[LiveChessVersion "1.4"]
[BlackElo "2565"]
[WhiteElo "2407"]

1. d4 {[%clk 1:30:57]} d5 {[%clk 1:30:53]} 2. c4 {[%clk 1:31:23]} c6
{[%clk 1:31:17]} 3. Nc3 {[%clk 1:31:47]} Nf6 {[%clk 1:31:41]} 4. cxd5
{[%clk 1:31:15]} cxd5 {[%clk 1:32:04]} 5. Bf4 {[%clk 1:31:42]} Qb6
{[%clk 1:30:21]} 6. e3 {[%clk 1:30:03]} Nc6 {[%clk 1:28:05]} 7. Bd3
{[%clk 1:20:06]} Bd7 {[%clk 1:25:16]} 8. Nge2 {[%clk 1:15:52]} e6
{[%clk 1:24:55]} 9. h3 {[%clk 1:12:15]} Be7 {[%clk 1:23:58]} 10. O-O
{[%clk 1:11:27]} O-O {[%clk 1:23:09]} 11. a3 {[%clk 1:10:43]} Na5
{[%clk 1:21:00]} 12. Na4 {[%clk 0:58:40]} Bxa4 {[%clk 1:15:36]} 13. Qxa4
{[%clk 0:56:41]} Rfc8 {[%clk 1:13:09]} 14. Rac1 {[%clk 0:49:57]} Bd8
{[%clk 1:09:13]} 15. Rc5 {[%clk 0:44:04]} Rxc5 {[%clk 0:57:01]} 16. dxc5
{[%clk 0:44:33]} Qxb2 {[%clk 0:57:00]} 17. Rb1 {[%clk 0:43:51]} Qd2
{[%clk 0:57:17]} 18. Rd1 {[%clk 0:42:29]} Qb2 {[%clk 0:48:28]} 19. Rb1
{[%clk 0:42:52]} Qd2 {[%clk 0:48:40]} 20. Rd1 {[%clk 0:43:20]} Qb2
{[%clk 0:48:31]} 21. Rb1 {[%clk 0:43:45]} 1/2-1/2

[Event "Reykjavík Open 2013"]
[Site "?"]
[Date "2013.02.24"]
[Round "7.9"]
[White "Kashlinskaya, Alina"]
[Black "Stefansson, Hannes"]
[Result "0-1"]
[LiveChessVersion "1.4"]
[BlackElo "2496"]
[WhiteElo "2350"]

1. d4 {[%clk 1:30:58]} Nf6 {[%clk 1:30:50]} 2. c4 {[%clk 1:31:20]} e6
{[%clk 1:31:06]} 3. Nc3 {[%clk 1:31:46]} Bb4 {[%clk 1:31:20]} 4. e3
{[%clk 1:32:10]} c5 {[%clk 1:30:54]} 5. Nge2 {[%clk 1:32:27]} b6 {[%clk 1:30:15]}
6. a3 {[%clk 1:32:46]} Ba5 {[%clk 1:30:07]} 7. Rb1 {[%clk 1:33:04]} Na6
{[%clk 1:29:34]} 8. g3 {[%clk 1:33:10]} Bb7 {[%clk 1:22:27]} 9. d5
{[%clk 1:33:30]} b5 {[%clk 1:17:38]} 10. Bg2 {[%clk 1:33:17]} Nc7
{[%clk 1:03:47]} 11. b4 {[%clk 1:25:45]} Bb6 {[%clk 1:04:10]} 12. bxc5
{[%clk 1:22:31]} Bxc5 {[%clk 1:04:34]} 13. Nxb5 {[%clk 1:20:59]} Nxb5
{[%clk 0:59:32]} 14. Rxb5 {[%clk 1:21:06]} Bb6 {[%clk 0:59:57]} 15. O-O
{[%clk 1:14:01]} exd5 {[%clk 0:57:17]} 16. Rb1 {[%clk 1:09:18]} Rc8
{[%clk 0:54:16]} 17. cxd5 {[%clk 1:09:38]} O-O {[%clk 0:54:39]} 18. Nf4
{[%clk 1:02:28]} Re8 {[%clk 0:54:13]} 19. Qe2 {[%clk 0:43:05]} Rc3
{[%clk 0:49:52]} 20. Bb2 {[%clk 0:35:36]} Rc5 {[%clk 0:49:52]} 21. Nh5
{[%clk 0:24:31]} Nxh5 {[%clk 0:50:11]} 22. Qxh5 {[%clk 0:24:58]} d6
{[%clk 0:50:02]} 23. Qg4 {[%clk 0:24:00]} f6 {[%clk 0:50:25]} 24. Bd4
{[%clk 0:22:11]} Ra5 {[%clk 0:49:25]} 25. Bxb6 {[%clk 0:22:25]} axb6
{[%clk 0:49:49]} 26. Qb4 {[%clk 0:22:33]} Ba6 {[%clk 0:42:27]} 27. Rfc1
{[%clk 0:22:29]} Rc5 {[%clk 0:42:22]} 28. Rxc5 {[%clk 0:10:17]} bxc5
{[%clk 0:42:46]} 29. Qa4 {[%clk 0:10:41]} Bd3 {[%clk 0:43:06]} 30. Rb6
{[%clk 0:06:54]} Re7 {[%clk 0:34:44]} 31. Qb3 {[%clk 0:07:19]} Kf7
{[%clk 0:32:59]} 32. Rc6 {[%clk 0:05:42]} Be2 {[%clk 0:33:18]} 33. Bh3
{[%clk 0:03:56]} g6 {[%clk 0:32:39]} 34. Be6+ {[%clk 0:03:33]} Kg7
{[%clk 0:33:03]} 35. Rb6 {[%clk 0:01:36]} Qa8 {[%clk 0:31:10]} 36. Qc3
{[%clk 0:01:11]} Qa4 {[%clk 0:31:04]} 37. Qd2 {[%clk 0:00:50]} Bf3
{[%clk 0:31:14]} 38. e4 {[%clk 0:00:41]} Qxa3 {[%clk 0:30:38]} 39. Qe1
{[%clk 0:00:42]} Ra7 {[%clk 0:25:08]} 40. Bh3 {[%clk 0:30:38]} c4
{[%clk 0:50:39]} 41. Bf1 {[%clk 0:28:09]} g5 {[%clk 0:40:19]} 42. Rc6
{[%clk 0:23:01]} Qa1 {[%clk 0:36:46]} 43. Rc7+ {[%clk 0:19:42]} Kg6
{[%clk 0:35:19]} 44. Qxa1 {[%clk 0:19:53]} Rxa1 {[%clk 0:35:40]} 45. Rxc4
{[%clk 0:20:16]} Be2 {[%clk 0:35:23]} 46. Rc6 {[%clk 0:20:42]} Bxf1
{[%clk 0:35:04]} 0-1

[Event "Reykjavík Open 2013"]
[Site "?"]
[Date "2013.02.24"]
[Round "7.10"]
[White "Gislason, Gudmundur"]
[Black "Lou, Yiping"]
[Result "0-1"]
[LiveChessVersion "1.4"]
[BlackElo "2468"]
[WhiteElo "2329"]

1. Nf3 {[%clk 1:30:54]} f5 {[%clk 1:30:25]} 2. b3 {[%clk 1:29:59]} d6
{[%clk 1:29:00]} 3. d4 {[%clk 1:30:03]} g6 {[%clk 1:28:29]} 4. Bb2
{[%clk 1:30:26]} Bg7 {[%clk 1:28:51]} 5. e3 {[%clk 1:30:29]} Nf6 {[%clk 1:27:22]}
6. Nbd2 {[%clk 1:26:29]} O-O {[%clk 1:26:43]} 7. Bd3 {[%clk 1:25:10]} Nc6
{[%clk 1:23:10]} 8. a3 {[%clk 1:25:30]} Qe8 {[%clk 1:19:22]} 9. Qe2
{[%clk 1:23:22]} e5 {[%clk 1:15:22]} 10. Bc4+ {[%clk 1:18:55]} Kh8
{[%clk 1:15:01]} 11. dxe5 {[%clk 1:18:15]} dxe5 {[%clk 1:09:46]} 12. h4
{[%clk 1:08:47]} a6 {[%clk 1:05:01]} 13. b4 {[%clk 1:00:47]} b5 {[%clk 0:57:59]}
14. Bb3 {[%clk 1:01:08]} Rb8 {[%clk 0:50:26]} 15. O-O-O {[%clk 0:36:35]} a5
{[%clk 0:47:40]} 16. Ng5 {[%clk 0:36:27]} axb4 {[%clk 0:43:14]} 17. axb4
{[%clk 0:36:44]} e4 {[%clk 0:40:54]} 18. Nb1 {[%clk 0:23:34]} Nxb4
{[%clk 0:35:13]} 19. h5 {[%clk 0:16:49]} Nxh5 {[%clk 0:34:16]} 20. Ba3
{[%clk 0:16:48]} c5 {[%clk 0:32:09]} 21. Qd2 {[%clk 0:02:23]} Rb7
{[%clk 0:28:38]} 22. Qd6 {[%clk 0:01:45]} Qe7 {[%clk 0:25:37]} 23. c3
{[%clk 0:01:28]} Qxg5 {[%clk 0:24:09]} 24. cxb4 {[%clk 0:01:52]} c4
{[%clk 0:24:50]} 25. Bc2 {[%clk 0:02:15]} Qf6 {[%clk 0:24:10]} 26. g4
{[%clk 0:01:17]} fxg4 {[%clk 0:23:46]} 27. Bxe4 {[%clk 0:01:17]} Rbf7
{[%clk 0:21:24]} 28. Qc5 {[%clk 0:00:46]} Bf5 {[%clk 0:19:59]} 29. Bd5
{[%clk 0:00:36]} Bxb1 {[%clk 0:19:22]} 0-1